[Event "Bayonne op 2nd"]
[Site "Bayonne"]
[Date "2018.04.28"]
[Round "2"]
[White "Tilicheev, Viacheslav"]
[Black "Hargues, Franck"]
[Result "1-0"]
[WhiteElo "2511"]
[BlackElo "1938"]
[PlyCount "51"]
[EventDate "2018.04.28"]
[EventType "swiss"]
[EventRounds "7"]
[EventCountry "FRA"]
[SourceTitle "CBM 184 Extra"]
[Source "ChessBase"]
[SourceDate "2018.06.28"]
[SourceVersion "1"]
[SourceVersionDate "2018.06.28"]
[SourceQuality "1"]

1. e4 e5 2. Nf3 Nc6 3. Bc4 Nf6 4. d3 Be7 5. 0-0 d6 6. a4 Bg4 7. c3 0-0 8. a5 Qd7 9. a6 Nd8 10. axb7 Nxb7 11. Be3 a5 12. Nbd2 c6 13. h3 d5 14. hxg4 dxc4 15. Nxe5 Qe6 16. Ndxc4 Rfd8 17. Qf3 Rxd3 18. Nxd3 Qxc4 19. Rfd1 Qxe4 20. Qxe4 Nxe4 21. Ne5 Nd8 22. Bb6 f6 23. Nc4 a4 24. Re1 Nd6 25. Nxd6 Bxd6 26. Re8+ 1-0

[Event "San Sebastian op 31st"]
[Site "San Sebastian"]
[Date "2008.03.22"]
[Round "8"]
[White "Hargues, Franck"]
[Black "Recuero Guerra, David"]
[Result "0-1"]
[WhiteElo "2046"]
[BlackElo "2424"]
[PlyCount "88"]
[EventDate "2008.03.16"]
[EventType "swiss"]
[EventRounds "9"]
[EventCountry "ESP"]
[SourceTitle "CBM 123 Extra"]
[Source "ChessBase"]
[SourceDate "2008.05.06"]
[SourceVersion "1"]
[SourceVersionDate "2008.05.06"]
[SourceQuality "1"]

1. e4 c5 2. Nf3 Nc6 3. d4 cxd4 4. Nxd4 Nf6 5. Nc3 d6 6. Bg5 e6 7. Qd2 Be7 8. 0-0-0 0-0 9. f4 Nxd4 10. Qxd4 Qa5 11. Kb1 h6 12. Bh4 e5 13. Qd2 Nxe4 14. Nxe4 Qxd2 15. Rxd2 Bxh4 16. Nxd6 exf4 17. Nxc8 Raxc8 18. Be2 Rcd8 19. Rhd1 Rxd2 20. Rxd2 Re8 21. Bf3 Re1+ 22. Rd1 Rxd1+ 23. Bxd1 Kf8 24. c4 Bf2 25. Kc2 Ke7 26. Kd3 f5 27. b4 b6 28. Bf3 Kf6 29. Ke2 Bd4 30. Kd3 Bg1 31. h3 Kg5 32. a4 Kh4 33. c5 bxc5 34. b5 c4+ 35. Kxc4 g5 36. Kd3 g4 37. Bd5 Kg3 38. Ke2 Bb6 39. Bc6 f3+ 40. Kf1 fxg2+ 41. Bxg2 h5 42. hxg4 fxg4 43. a5 Bc5 44. Bd5 Kh2 0-1

[Event "Mont de Marsan op 6th"]
[Site "Mont de Marsan"]
[Date "2006.12.28"]
[Round "6"]
[White "Hargues, Franck"]
[Black "Birebent, Guy"]
[Result "1-0"]
[WhiteElo "2049"]
[BlackElo "1824"]
[PlyCount "43"]
[EventDate "2006.12.26"]
[EventType "swiss"]
[EventRounds "9"]
[EventCountry "FRA"]
[SourceTitle "CBM 116 Extra"]
[Source "ChessBase"]
[SourceDate "2007.03.07"]
[SourceVersion "1"]
[SourceVersionDate "2007.03.07"]
[SourceQuality "1"]

1. e4 e6 2. d4 d5 3. Nc3 dxe4 4. Nxe4 Nf6 5. Bg5 Be7 6. Bxf6 Bxf6 7. Nf3 Nd7 8. Bd3 b6 9. 0-0 Bb7 10. Re1 h6 11. Qe2 0-0 12. Rad1 Kh8 13. b4 Be7 14. b5 Qc8 15. g4 g5 16. Ng3 Bb4 17. Rf1 Bd6 18. Nh5 c5 19. Be4 Bxe4 20. Qxe4 cxd4 21. Qxd4+ e5 22. Qxd6 1-0

[Event "San Sebastian op 28th"]
[Site "San Sebastian"]
[Date "2005.03.23"]
[Round "6"]
[White "Hargues, Franck"]
[Black "Vehi Bach, Victor Manuel"]
[Result "0-1"]
[WhiteElo "2079"]
[BlackElo "2423"]
[PlyCount "78"]
[EventDate "2005.03.19"]
[EventType "swiss"]
[EventRounds "9"]
[EventCountry "ESP"]
[SourceTitle "CBM 105 Extra"]
[Source "ChessBase"]
[SourceDate "2005.05.01"]
[SourceVersion "1"]
[SourceVersionDate "2005.05.01"]
[SourceQuality "1"]

1. e4 c5 2. Nf3 e6 3. b4 cxb4 4. d4 d5 5. e5 Nc6 6. a3 f6 7. axb4 Bxb4+ 8. c3 Be7 9. Bd3 fxe5 10. dxe5 Qc7 11. Qe2 Nh6 12. Bxh6 gxh6 13. 0-0 0-0 14. Na3 Bxa3 15. Rxa3 Qg7 16. Ra4 Bd7 17. Rh4 Kh8 18. Re1 Be8 19. Qe3 Bg6 20. Rg4 Rg8 21. Nh4 Ne7 22. Rb1 b6 23. Rbb4 Raf8 24. Rg3 Qf7 25. Rf3 Qe8 26. Nxg6+ Nxg6 27. Rg3 Qf7 28. Rbg4 Nf4 29. Rxg8+ Rxg8 30. Rxg8+ Kxg8 31. Bc2 Kg7 32. g3 Ng6 33. h4 Qe7 34. f4 Qc5 35. Kf2 Ne7 36. Ke2 Qc4+ 37. Qd3 b5 38. Kd2 Nf5 39. g4 Qxf4+ 0-1

[Event "San Sebastian op 28th"]
[Site "San Sebastian"]
[Date "2005.03.20"]
[Round "2"]
[White "Dobrev, Nanko"]
[Black "Hargues, Franck"]
[Result "1-0"]
[WhiteElo "2399"]
[BlackElo "2079"]
[PlyCount "93"]
[EventDate "2005.03.19"]
[EventType "swiss"]
[EventRounds "9"]
[EventCountry "ESP"]
[SourceTitle "CBM 105 Extra"]
[Source "ChessBase"]
[SourceDate "2005.05.01"]
[SourceVersion "1"]
[SourceVersionDate "2005.05.01"]
[SourceQuality "1"]

1. d4 Nf6 2. Nf3 c5 3. d5 b5 4. c4 g6 5. cxb5 a6 6. bxa6 Bxa6 7. Nc3 d6 8. e4 Bxf1 9. Kxf1 Bg7 10. g3 0-0 11. Kg2 Nbd7 12. Re1 Ra7 13. Nb5 Rb7 14. a4 Ne8 15. Qc2 Nc7 16. Na3 Qa8 17. Ra2 Rfb8 18. b3 Rxb3 19. Nb5 Nxb5 20. axb5 Rc3 21. Rxa8 Rxc2 22. Ra7 Ne5 23. Nxe5 Bxe5 24. Rxe7 Bd4 25. Bf4 Bxf2 26. Rc1 Rxc1 27. Bxc1 Bd4 28. Bf4 Be5 29. Bxe5 dxe5 30. d6 Kf8 31. Rc7 Ke8 32. Rxc5 Kd7 33. Rxe5 Kxd6 34. Rd5+ Ke6 35. Kf3 f5 36. Kf4 fxe4 37. Kxe4 Ra8 38. Rd4 Ra2 39. Rb4 Kd7 40. b6 Kc8 41. b7+ Kb8 42. h4 Rf2 43. Ke5 Rf7 44. g4 Rc7 45. Kf6 Rd7 46. g5 Rc7 47. Ke6 1-0